Catlow Ο μεγάλος παράνομος
Ο σκληρός και παράνομος Κάτλου είναι ταχύτατος στο σχεδιασμό και ακόμη γρηγορότερος στο να κερδίζει χρήματα. Επίσης είναι ο περισσότερο καταζητούμενος άνθρωπος της Δύσης. Τον αναζητούν Μεξικανικός στρατός, η άκρως επικίνδυνη φιλενάδα του, ένας εκδικητικός δολοφόνος, μια φιλοπόλεμη ομάδα Ινδιάνων κα...
Αποθηκεύτηκε σε:
| Άλλοι συγγραφείς: | , , , |
|---|---|
| Μορφή: | |
| Γλώσσα: | English Greek |
| Δημοσίευση: |
[S.l.] :
Clipart Films through Echelon Entertainment,
c2014.
|
| Θέματα: | |
| Ετικέτες: |
Προσθήκη ετικέτας
Δεν υπάρχουν, Καταχωρήστε ετικέτα πρώτοι!
|
MARC
| LEADER | 00000cgm a2200000 a 4500 | ||
|---|---|---|---|
| 001 | 1/120412 | ||
| 008 | 191126s2014####xx ||| | || ||eng|| | ||
| 040 | |a GR-MyUa |b gre |c GR-MyUa |e AACR2 | ||
| 041 | 0 | |a eng |j gre | |
| 082 | 7 | |a 791.437 |2 (23) | |
| 245 | 0 | 0 | |a Catlow |h [μαγνητοσκόπηση] = |b Ο μεγάλος παράνομος / |c directed by Sam Wanamaker. |
| 246 | 1 | |i Παράλληλος τίτλος: |a Ο μεγάλος παράνομος | |
| 260 | |a [S.l.] : |b Clipart Films through Echelon Entertainment, |c c2014. | ||
| 300 | |a 1 βιντεοδίσκος (101 λεπτά) : |b ομίλ., έγχρ. ; |c 4 3/4 ίν. | ||
| 500 | |a Κυκλοφόρησε πρώτη φορά ως κινηματογραφική ταινία το 1971. | ||
| 508 | |a Σενάριο, Scot Finch, J.J. Griffith ; βασισμένο στο μυθιστόρημα του Louis L' amour ; παραγωγή, Euan Lloyd. | ||
| 511 | 0 | |a Yul Brynner, Richard Crenna, Leonard Nimoy, Daliah Levi, Jo Ann Pflug. | |
| 520 | 8 | |a Ο σκληρός και παράνομος Κάτλου είναι ταχύτατος στο σχεδιασμό και ακόμη γρηγορότερος στο να κερδίζει χρήματα. Επίσης είναι ο περισσότερο καταζητούμενος άνθρωπος της Δύσης. Τον αναζητούν Μεξικανικός στρατός, η άκρως επικίνδυνη φιλενάδα του, ένας εκδικητικός δολοφόνος, μια φιλοπόλεμη ομάδα Ινδιάνων και κάμποσοι εξαπατημένοι πρώην σύντροφοί του. | |
| 546 | |a Στα αγγλικά με υπότιτλους στα ελληνικά. | ||
| 650 | 0 | |a Outlaws |v Drama. | |
| 655 | 7 | |a Feature films |2 lcgft | |
| 700 | 1 | |a Wanamaker, Sam, |d 1919-1993, |e drt | |
| 700 | 1 | |a Brynner, Yul, |e act | |
| 700 | 1 | |a Crenna, Richard, |d 1927-2003, |e act | |
| 700 | 1 | |a Nimoy, Leonard, |e act | |
| 852 | |a INST |b SYROS |c AV |e 20191126 |h 791.437 WAN |p 005500013760 |q 005500013760 |t DVD |y 23 | ||
| 920 | |a Κωνσταντινίδη |b Κατερίνα |y Σύρος |z 2019-08 | ||
| 970 | |a Κοντού |b Παρασκευή |z 26/11/2019 | ||